<?xml version="1.0" encoding="UTF-8"?>
<record
    xmlns:xsi="http://www.w3.org/2001/XMLSchema-instance"
    xsi:schemaLocation="http://www.loc.gov/MARC21/slim http://www.loc.gov/standards/marcxml/schema/MARC21slim.xsd"
    xmlns="http://www.loc.gov/MARC21/slim">

  <leader>00590nam a22001577a 4500</leader>
  <controlfield tag="003">OSt</controlfield>
  <controlfield tag="005">20150930103939.0</controlfield>
  <controlfield tag="008">150930b        xxu||||| |||| 00| 0 eng d</controlfield>
  <datafield tag="040" ind1=" " ind2=" ">
    <subfield code="c">RUA</subfield>
  </datafield>
  <datafield tag="082" ind1=" " ind2=" ">
    <subfield code="a">AGR PHE 2011 B047 Or.1</subfield>
  </datafield>
  <datafield tag="100" ind1=" " ind2=" ">
    <subfield code="9">1595</subfield>
    <subfield code="a">PHEANG, SARI.</subfield>
  </datafield>
  <datafield tag="245" ind1=" " ind2=" ">
    <subfield code="a">Study about issue of vegetable prodution in kandal province (&#x200B;&#x1780;&#x17B6;&#x179A;&#x179F;&#x17B7;&#x1780;&#x17D2;&#x179F;&#x17B6;&#x17A2;&#x17C6;&#x1796;&#x17B8;&#x1794;&#x1789;&#x17D2;&#x17A0;&#x17B6;&#x179B;&#x17BE;&#x1795;&#x179B;&#x17B7;&#x178F;&#x1780;&#x1798;&#x17D2;&#x1798;&#x178A;&#x17C6;&#x178E;&#x17B6;&#x17C6;&#x1794;&#x1793;&#x17D2;&#x179B;&#x17C2;&#x1780;&#x17D2;&#x1793;&#x17BB;&#x1784;&#x1781;&#x17C1;&#x178F;&#x17D2;&#x178F;&#x1780;&#x178E;&#x17D2;&#x178A;&#x17B6;&#x179B;)</subfield>
  </datafield>
  <datafield tag="260" ind1=" " ind2=" ">
    <subfield code="a">Phnom Penh</subfield>
    <subfield code="b">RUA</subfield>
    <subfield code="c">2011</subfield>
  </datafield>
  <datafield tag="300" ind1=" " ind2=" ">
    <subfield code="a">x, 41p.</subfield>
    <subfield code="b">ill.</subfield>
    <subfield code="c">29cm.</subfield>
  </datafield>
  <datafield tag="942" ind1=" " ind2=" ">
    <subfield code="2">ddc</subfield>
    <subfield code="c">AGR</subfield>
  </datafield>
  <datafield tag="999" ind1=" " ind2=" ">
    <subfield code="c">1506</subfield>
    <subfield code="d">1506</subfield>
  </datafield>
  <datafield tag="952" ind1=" " ind2=" ">
    <subfield code="0">0</subfield>
    <subfield code="1">0</subfield>
    <subfield code="2">ddc</subfield>
    <subfield code="4">0</subfield>
    <subfield code="6">AGR_PHE_2011_000000000000000_B047_OR_1</subfield>
    <subfield code="7">0</subfield>
    <subfield code="9">6740</subfield>
    <subfield code="a">LBB</subfield>
    <subfield code="b">LBB</subfield>
    <subfield code="c">B047</subfield>
    <subfield code="d">2015-09-30</subfield>
    <subfield code="l">1</subfield>
    <subfield code="o">AGR PHE 2011 B047 Or.1</subfield>
    <subfield code="p">RUA000248</subfield>
    <subfield code="r">2023-12-29</subfield>
    <subfield code="s">2023-11-24</subfield>
    <subfield code="w">2015-09-30</subfield>
    <subfield code="y">AGR</subfield>
  </datafield>
  <datafield tag="952" ind1=" " ind2=" ">
    <subfield code="0">0</subfield>
    <subfield code="1">0</subfield>
    <subfield code="2">ddc</subfield>
    <subfield code="4">0</subfield>
    <subfield code="6">AGR_PHE_2011_000000000000000_B047_OR_2</subfield>
    <subfield code="7">0</subfield>
    <subfield code="9">6741</subfield>
    <subfield code="a">LBB</subfield>
    <subfield code="b">LBB</subfield>
    <subfield code="c">B047</subfield>
    <subfield code="d">2015-09-30</subfield>
    <subfield code="o">AGR PHE 2011 B047 Or.2</subfield>
    <subfield code="p">RUA000547</subfield>
    <subfield code="r">2015-09-30</subfield>
    <subfield code="w">2015-09-30</subfield>
    <subfield code="y">AGR</subfield>
  </datafield>
  <datafield tag="952" ind1=" " ind2=" ">
    <subfield code="0">0</subfield>
    <subfield code="1">0</subfield>
    <subfield code="2">ddc</subfield>
    <subfield code="4">0</subfield>
    <subfield code="6">AGR_PHE_2011_000000000000000_B047_OR_3</subfield>
    <subfield code="7">0</subfield>
    <subfield code="9">6742</subfield>
    <subfield code="a">LBB</subfield>
    <subfield code="b">LBB</subfield>
    <subfield code="c">B047</subfield>
    <subfield code="d">2015-09-30</subfield>
    <subfield code="l">2</subfield>
    <subfield code="o">AGR PHE 2011 B047 Or.3</subfield>
    <subfield code="p">RUA000854</subfield>
    <subfield code="r">2019-07-24</subfield>
    <subfield code="s">2019-07-19</subfield>
    <subfield code="w">2015-09-30</subfield>
    <subfield code="y">AGR</subfield>
  </datafield>
</record>
